NLSUI OPAC header image

The Emerging Challenges To Civil Socitey (Record no. 110419)

MARC details
000 -LEADER
fixed length control field 00524nam a2200169Ia 4500
003 - CONTROL NUMBER IDENTIFIER
control field OSt
005 - DATE AND TIME OF LATEST TRANSACTION
control field 20211229120635.0
008 - FIXED-LENGTH DATA ELEMENTS--GENERAL INFORMATION
fixed length control field 171024s2009 xx 000 0 und d
040 ## - CATALOGING SOURCE
Transcribing agency .
100 ## - MAIN ENTRY--PERSONAL NAME
Personal name Chidambaram, P
245 #4 - TITLE STATEMENT
Title The Emerging Challenges To Civil Socitey
260 ## - PUBLICATION, DISTRIBUTION, ETC.
Place of publication, distribution, etc. Mumbai
Name of publisher, distributor, etc. Nani A.Palkhivala memorial trust
Date of publication, distribution, etc. 2009
650 ## - SUBJECT ADDED ENTRY--TOPICAL TERM
Topical term or geographic name entry element Civil society
856 ## - ELECTRONIC LOCATION AND ACCESS
Uniform Resource Identifier <a href="http://opac.nls.ac.in:8081/xmlui/handle/123456789/1008">http://opac.nls.ac.in:8081/xmlui/handle/123456789/1008</a>
906 ## - LOCAL DATA ELEMENT F, LDF (RLIN)
b The sixth Nani A. Palkhivala Memorial Lecture, 5 Oct.2009
942 ## - ADDED ENTRY ELEMENTS (KOHA)
Source of classification or shelving scheme Dewey Decimal Classification
Koha item type Repository
Holdings
Withdrawn status Lost status Damaged status Not for loan Collection code Home library Current library Shelving location Date acquired Cost, normal purchase price Total Checkouts Full call number Barcode Date last seen Price effective from Koha item type
          NLS NLS   04/08/2017 28.00   338.9 CHI REP12939 02/11/2017 02/11/2017 Repository